Countries Most Impacted by Terrorism - Statistics

General Stats
  • This quiz has been taken 115 times
  • The average score is 14 of 20
Answer Stats
Continent Score Country % Correct
Asia 9.746 Iraq
96%
Asia 9.391 Afghanistan
92%
Asia 8.315 Syria
92%
Asia 8.181 Pakistan
91%
Asia 7.568 India
86%
North America 6.066 United States
85%
Africa 8.020 Somalia
82%
Africa 6.178 Sudan
79%
Africa 7.345 Egypt
76%
Asia 7.534 Yemen
76%
Africa 8.660 Nigeria
73%
Africa 6.987 Libya
72%
Africa 7.055 Democratic Republic of the Congo
69%
Asia 7.036 Turkey
63%
Africa 6.756 South Sudan
61%
Africa 6.114 Kenya
53%
Africa 6.719 Central African Republic
51%
Asia 7.181 Philippines
37%
Asia 6.252 Thailand
34%
Africa 6.615 Cameroon
32%
No matching quizzes found
Score Distribution
Percent of People with Each Score
Percentile by Number Answered
Your Score History
You have not taken this quiz